[Event "XXXV Memorial Edoardo Crespi A"]
[Site "Milano ITA"]
[Date "2014.12.06"]
[Round "4"]
[White "Nordio, Giorgio"]
[Black "Ciciotti, Augusto"]
[WhiteElo "1766"]
[BlackElo "1880"]
[Result "0-1"]
[PlyCount "96"]
[EventDate "2014.12.04"]

1. c4 Nf6 2. g3 g6 3. Bg2 Bg7 4. Nf3 O-O 5. O-O d6 6. Nc3 Nc6 7. d3 a6 8. Rb1
e5 9. b4 Ne7 10. a4 h6 11. b5 a5 12. Ba3 Nd7 13. Qc2 Rb8 14. Nd2 b6 15. Nce4
Nc5 16. Nf3 Ne6 17. Bb2 f5 18. Nc3 Bb7 19. e3 g5 20. e4 f4 21. Rfe1 Ng6 22. Nd5
g4 23. Nd2 Ng5 24. Kh1 h5 25. Qd1 Bxd5 26. cxd5 f3 27. Bf1 h4 28. gxh4 Nxh4 29.
d4 Qf6 30. dxe5 dxe5 31. Nc4 Rbe8 32. Qc2 Ng2 33. Red1 Nf7 34. Bxg2 fxg2+ 35.
Kxg2 Qf3+ 36. Kf1 Nd6 37. Nxd6 cxd6 38. Rd2 Bh6 39. Rd3 Qh1+ 40. Ke2 Qxe4+ 41.
Kf1 Rxf2+ 42. Kxf2 Rf8+ 43. Kg3 Rf3+ 44. Kg2 Rxd3+ 45. Kg1 Be3+ 46. Kf1 Qf3+
47. Ke1 Bc5 48. Ba3 Re3+ 0-1

[Event "XXXV Memorial Edoardo Crespi A"]
[Site "Milano ITA"]
[Date "2014.12.06"]
[Round "4"]
[White "Pecorario, Stefano"]
[Black "Giaretta, Fulvio"]
[WhiteElo "1877"]
[BlackElo "1815"]
[Result "1-0"]
[PlyCount "83"]
[EventDate "2014.12.04"]

1. e4 e5 2. Nf3 Nc6 3. Bc4 Nf6 4. Ng5 d5 5. exd5 Na5 6. Bb5+ c6 7. dxc6 bxc6 8.
Be2 h6 9. Nf3 e4 10. Ne5 Bd6 11. d4 exd3 12. Nxd3 O-O 13. Nc3 Qc7 14. h3 Bf5
15. b3 Rad8 16. Bb2 Nb7 17. Qc1 Rfe8 18. O-O Ne4 19. Re1 Nbc5 20. Nxe4 Nxe4 21.
Bf1 Re6 22. Re3 Bh2+ 23. Kh1 Nxf2+ 24. Nxf2 Bf4 25. Bc4 Rxe3 26. Qf1 Re7 27.
Nd3 Bxd3 28. Bxd3 Be5 29. Bxe5 Qxe5 30. Rd1 Qg5 31. Bh7+ Kxh7 32. Rxd8 Re1 33.
Qxe1 Qxd8 34. Qe4+ g6 35. Qxc6 Qd1+ 36. Kh2 Qd4 37. Qc7 Kg7 38. c4 Qb6 39. Qxb6
axb6 40. a4 Kf6 41. c5 bxc5 42. a5 1-0

[Event "XXXV Memorial Edoardo Crespi A"]
[Site "Milano ITA"]
[Date "2014.12.06"]
[Round "4"]
[White "Piantoni, Pierino"]
[Black "De Vincentiis, Federico"]
[WhiteElo "1889"]
[BlackElo "1842"]
[Result "1-0"]
[PlyCount "23"]
[EventDate "2014.12.04"]

1. c4 e5 2. g3 Nf6 3. Bg2 Nc6 4. Nc3 Bb4 5. Nd5 Bc5 6. d3 h6 7. e3 O-O 8. Ne2
d6 9. h3 Be6 10. O-O Nh7 11. d4 Qd7 12. dxc5 1-0

[Event "XXXV Memorial Edoardo Crespi A"]
[Site "Milano ITA"]
[Date "2014.12.06"]
[Round "4"]
[White "Pollio, Ciro"]
[Black "Ni, Polina"]
[WhiteElo "1774"]
[BlackElo "1864"]
[Result "1/2-1/2"]
[PlyCount "47"]
[EventDate "2014.12.04"]

1. d4 f5 2. c4 Nf6 3. Nc3 e6 4. Bg5 Be7 5. Bxf6 Bxf6 6. e4 fxe4 7. Nxe4 O-O 8.
Nf3 d6 9. Bd3 Nc6 10. Nxf6+ Qxf6 11. O-O Bd7 12. a3 a5 13. Qc2 Qh6 14. Be4 Rae8
15. Rad1 Qh5 16. d5 Nd8 17. c5 e5 18. cxd6 cxd6 19. Qc7 Bg4 20. Rd3 Rf6 21. Nd2
Ref8 22. Rg3 Nf7 23. f3 Bc8 24. Rc1 1/2-1/2

[Event "XXXV Memorial Edoardo Crespi A"]
[Site "Milano ITA"]
[Date "2014.12.06"]
[Round "4"]
[White "Primerano, Carlo"]
[Black "Villalba, Fernando"]
[WhiteElo "1719"]
[BlackElo "1848"]
[Result "1/2-1/2"]
[PlyCount "60"]
[EventDate "2014.12.04"]

1. d4 d5 2. c4 c6 3. cxd5 cxd5 4. Nf3 Nf6 5. Nc3 g6 6. Bf4 Nc6 7. e3 a6 8. h3
Bg7 9. Bd3 O-O 10. a3 Re8 11. O-O b5 12. b4 Bb7 13. Rc1 e6 14. Qb3 Nd7 15. Rfd1
e5 16. dxe5 Ndxe5 17. Nxe5 Nxe5 18. Be4 Nc4 19. Bxd5 Bxd5 20. Rxd5 Qf6 21. Ne2
Qb2 22. Qxb2 Bxb2 23. Rb1 Bxa3 24. Rb3 Bb2 25. Nd4 Bxd4 26. Rxd4 Rad8 27. Rbd3
Rxd4 28. exd4 Rd8 29. d5 Rd7 30. d6 f6 1/2-1/2

[Event "XXXV Memorial Edoardo Crespi A"]
[Site "Milano ITA"]
[Date "2014.12.06"]
[Round "4"]
[White "Quagliarella, Sabino Remo"]
[Black "Baronio, Gaia"]
[WhiteElo "1848"]
[BlackElo "1792"]
[Result "1/2-1/2"]
[PlyCount "62"]
[EventDate "2014.12.04"]

1. d4 d5 2. Nf3 Nf6 3. e3 Bf5 4. c4 c6 5. Nc3 e6 6. Qb3 Qc8 7. c5 Nbd7 8. Be2
Be7 9. O-O h6 10. a4 b6 11. cxb6 axb6 12. Bd2 O-O 13. Rfc1 Qb8 14. h3 Rc8 15.
Ne1 Ne4 16. Nxe4 Bxe4 17. Bf3 Nf6 18. Nd3 Bxf3 19. gxf3 Nd7 20. e4 Qc7 21. Bf4
Qd8 22. Bg3 Bh4 23. Kh2 Qf6 24. Bf4 dxe4 25. fxe4 Qxd4 26. Be3 Qxe4 27. Rg1 Ne5
28. Ne1 Kh8 29. Qxb6 Rxa4 30. Rxa4 Qxa4 31. Bd4 Bf6 1/2-1/2

[Event "XXXV Memorial Edoardo Crespi A"]
[Site "Milano ITA"]
[Date "2014.12.06"]
[Round "4"]
[White "Ranfagni, Stefano"]
[Black "Mouflih, Caesar Faycal"]
[WhiteElo "2016"]
[BlackElo "2023"]
[Result "1/2-1/2"]
[PlyCount "83"]
[EventDate "2014.12.04"]

1. e4 e5 2. Nf3 Nc6 3. Bb5 a6 4. Ba4 Nf6 5. Qe2 b5 6. Bb3 Bc5 7. c3 d6 8. h3
Be6 9. Bc2 O-O 10. O-O Nh5 11. d4 exd4 12. Nxd4 Bxd4 13. Qxh5 g6 14. Qd1 Bg7
15. Be3 Qe7 16. f4 Rad8 17. Nd2 d5 18. Qf3 d4 19. cxd4 Nxd4 20. Qd1 Qb4 21. f5
Bc8 22. f6 Bh8 23. Rb1 Rfe8 24. a3 Qd6 25. Nb3 c5 26. Nxd4 cxd4 27. Bf4 Qb6 28.
Bd3 Bxf6 29. Rc1 Be5 30. Bxe5 Rxe5 31. Qf3 Re7 32. Qf4 Rde8 33. e5 Be6 34. h4
b4 35. h5 Bd5 36. Rce1 bxa3 37. bxa3 Qc7 38. hxg6 hxg6 39. Qxd4 Rxe5 40. Rxe5
Qxe5 41. Qxe5 Rxe5 42. Bxa6 1/2-1/2

[Event "XXXV Memorial Edoardo Crespi A"]
[Site "Milano ITA"]
[Date "2014.12.06"]
[Round "4"]
[White "Regorda, Vittorio"]
[Black "Lavorgna, Giovanni"]
[WhiteElo "1780"]
[BlackElo "1961"]
[Result "0-1"]
[PlyCount "58"]
[EventDate "2014.12.04"]

1. d4 d5 2. c4 e6 3. Nf3 Nf6 4. g3 Be7 5. Bg2 O-O 6. O-O dxc4 7. Ne5 Nc6 8.
Bxc6 bxc6 9. Nxc6 Qe8 10. Qa4 Bb7 11. Nxe7+ Qxe7 12. Qxc4 Rfd8 13. Qc5 Qd7 14.
e3 Ne4 15. Qh5 Qc6 16. f3 Rd5 17. Qh3 Ng5 18. Qg2 Rf5 19. e4 Rxf3 20. Bxg5
Rxf1+ 21. Qxf1 Qxe4 22. Bf4 Qxd4+ 23. Qf2 Qe4 24. Qf1 e5 25. Nc3 Qh1+ 26. Kf2
Qxh2+ 27. Ke1 exf4 28. Rd1 Re8+ 29. Ne2 f3 0-1

[Event "XXXV Memorial Edoardo Crespi A"]
[Site "Milano ITA"]
[Date "2014.12.06"]
[Round "4"]
[White "Ricci, Leonardo"]
[Black "Monticone, Sonia"]
[WhiteElo "1814"]
[BlackElo "1902"]
[Result "0-1"]
[PlyCount "108"]
[EventDate "2014.12.04"]

1. e4 c5 2. Nf3 e6 3. d4 cxd4 4. Nxd4 a6 5. Bd3 Nf6 6. O-O Qc7 7. c4 d6 8. Nc3
Nbd7 9. Be3 b6 10. Qe2 Bb7 11. f3 Be7 12. Rfd1 O-O 13. Rac1 Rac8 14. b3 Rfe8
15. Na4 Nc5 16. Nb2 Qb8 17. Qf2 d5 18. cxd5 exd5 19. exd5 Nxd5 20. Nf5 Nxe3 21.
Nxe3 Bg5 22. Re1 Nxd3 23. Nxd3 Rxc1 24. Nxc1 Qd6 25. Nc4 Rxe1+ 26. Qxe1 Qc5+
27. Kh1 b5 28. Na5 Ba8 29. Nd3 Qe3 30. Qxe3 Bxe3 31. Nb4 Bb6 32. Nac6 a5 33.
Nd5 Bxc6 34. Nxb6 Kf8 35. Nc8 Ke8 36. Nd6+ Ke7 37. Nf5+ Kf6 38. Nd4 Bd7 39. f4
h5 40. g3 g6 41. Kg2 Ke7 42. Kf3 Kd6 43. Ke4 f6 44. a3 Kc5 45. Kd3 Bg4 46. Nc2
Bf5+ 47. Kc3 Bxc2 48. Kxc2 Kd4 49. Kd2 b4 50. axb4 axb4 51. h3 g5 52. fxg5 fxg5
53. h4 g4 54. Kc2 Ke3 0-1

[Event "XXXV Memorial Edoardo Crespi A"]
[Site "Milano ITA"]
[Date "2014.12.06"]
[Round "4"]
[White "Sannino, Raffaele"]
[Black "Donadi, Luca"]
[WhiteElo "2025"]
[BlackElo "1785"]
[Result "1/2-1/2"]
[PlyCount "85"]
[EventDate "2014.12.04"]

1. Nf3 d5 2. d4 Nf6 3. c4 e6 4. Nc3 Be7 5. Bg5 O-O 6. e3 Bd7 7. Rc1 h6 8. Bh4
Bc6 9. c5 a5 10. Ne5 Nh7 11. Bxe7 Qxe7 12. Bd3 Be8 13. Qc2 Nf6 14. O-O Nc6 15.
f4 Nb4 16. Qe2 Nxd3 17. Qxd3 c6 18. Rf3 Nd7 19. Rcf1 f6 20. Ng6 Bxg6 21. Qxg6
Qe8 22. Qg3 e5 23. fxe5 fxe5 24. Rxf8+ Nxf8 25. dxe5 Nd7 26. Na4 Qxe5 27. Qxe5
Nxe5 28. h3 Rf8 29. Rf4 Rxf4 30. exf4 Nc4 31. Kf2 Nd2 32. Ke3 Ne4 33. Kd4 Kf7
34. a3 Ke6 35. b4 axb4 36. axb4 Kf5 37. Ke3 h5 38. Nb6 h4 39. Nc8 Ke6 40. Kd4
Kd7 41. Nb6+ Ke6 42. Nc8 Kd7 43. Nb6+ 1/2-1/2

[Event "XXXV Memorial Edoardo Crespi A"]
[Site "Milano ITA"]
[Date "2014.12.06"]
[Round "4"]
[White "Sics, Maksims"]
[Black "Valdettaro, Filippo"]
[WhiteElo "1861"]
[BlackElo "1750"]
[Result "0-1"]
[PlyCount "74"]
[EventDate "2014.12.04"]

1. d4 Nf6 2. c4 c5 3. d5 b5 4. cxb5 a6 5. Nc3 axb5 6. Nxb5 Ba6 7. Nc3 g6 8. g3
d6 9. Bg2 Bg7 10. Nf3 O-O 11. O-O Nfd7 12. Re1 Nb6 13. Qc2 N8d7 14. e4 Nc4 15.
b3 Qa5 16. bxc4 Qxc3 17. Qa4 Nb6 18. Qc6 Qxa1 19. Qxb6 Qxa2 20. Qc7 Rfe8 21.
Bh3 Bc8 22. Bxc8 Raxc8 23. Qd7 Qxc4 24. Qh3 Qc3 25. Kg2 Ra8 26. Bd2 Qb2 27. Bh6
Rec8 28. Bxg7 Qxg7 29. Qd7 f6 30. Rb1 Rd8 31. Qc7 e5 32. Qc6 Qd7 33. Rb7 Qxc6
34. dxc6 Rac8 35. Rb6 Rc7 36. Nd2 Rdc8 37. Nc4 Rxc6 0-1

[Event "XXXV Memorial Edoardo Crespi A"]
[Site "Milano ITA"]
[Date "2014.12.06"]
[Round "4"]
[White "Ventura, Salvatore"]
[Black "Cordi', Domenico"]
[WhiteElo "2049"]
[BlackElo "2033"]
[Result "0-1"]
[PlyCount "96"]
[EventDate "2014.12.04"]

1. c4 Nf6 2. g3 e5 3. Bg2 d6 4. Nc3 Be7 5. d3 O-O 6. e4 Nc6 7. Nge2 Ne8 8. O-O
Kh8 9. Be3 Bg5 10. f4 Bh6 11. Qd2 Bg4 12. Rf2 Qd7 13. f5 Bxe3 14. Qxe3 Bxe2 15.
Nxe2 a6 16. g4 f6 17. Rf3 Rb8 18. Rh3 b5 19. b3 Nb4 20. Qd2 c5 21. Rf1 Nc6 22.
Rff3 Nd4 23. Nxd4 cxd4 24. Rh5 Kg8 25. Rfh3 h6 26. Rg3 bxc4 27. dxc4 Qb7 28. h4
Qb4 29. Qc1 Rb7 30. g5 fxg5 31. hxg5 hxg5 32. Rhxg5 Nf6 33. Bf3 a5 34. Rg6 a4
35. Qg5 Qe1+ 36. Kh2 Rff7 37. Rg1 Qf2+ 38. Bg2 axb3 39. axb3 Rxb3 40. Ra1 Qf4+
41. Qxf4 exf4 42. Rd1 Ra7 43. Bf1 Ra2+ 44. Kg1 Nxe4 45. c5 d5 46. Rxd4 Rb1 47.
Rg4 Rf2 48. Rxe4 Rbxf1# 0-1

[Event "XXXV Memorial Edoardo Crespi A"]
[Site "Milano ITA"]
[Date "2014.12.06"]
[Round "4"]
[White "Virzi, Ettore"]
[Black "Montaruli, Roberto"]
[WhiteElo "1966"]
[BlackElo "1835"]
[Result "1/2-1/2"]
[PlyCount "40"]
[EventDate "2014.12.04"]

1. e4 c6 2. c4 d5 3. exd5 cxd5 4. cxd5 Nf6 5. Nc3 Nxd5 6. Nf3 Nc6 7. Bb5 Nxc3
8. bxc3 Bd7 9. d4 Qa5 10. Qb3 e6 11. O-O a6 12. Bd3 Qc7 13. Re1 Be7 14. Qc2 Rc8
15. a3 h6 16. Qe2 Bf6 17. Qe4 Ne7 18. Bd2 Bc6 19. Qe2 O-O 20. Ne5 Rfd8 1/2-1/2

[Event "XXXV Memorial Edoardo Crespi A"]
[Site "Milano ITA"]
[Date "2014.12.06"]
[Round "4"]
[White "Ziedins, Roberts"]
[Black "Miracola, Giorgia"]
[WhiteElo "1770"]
[BlackElo "1856"]
[Result "0-1"]
[PlyCount "80"]
[EventDate "2014.12.04"]

1. e4 Nf6 2. e5 Nd5 3. c4 Nb6 4. d4 d6 5. f4 g6 6. Nc3 Bg7 7. Nf3 Be6 8. b3 O-O
9. Be2 c5 10. dxc5 N6d7 11. cxd6 exd6 12. Qxd6 Nxe5 13. Qxd8 Nxf3+ 14. Bxf3
Rxd8 15. Bb2 Nc6 16. O-O Rd2 17. Rab1 Rxb2 18. Rxb2 Bxc3 19. Rc2 Bf6 20. Rd2
Be7 21. Rfd1 Bc5+ 22. Kh1 Be3 23. Rb2 Bxf4 24. Bd5 Rd8 25. Rf1 Be5 26. Rd2 Nb4
27. Re2 Bxd5 28. Rxe5 Bc6 29. a3 Nd3 30. Re7 f5 31. Kg1 Be4 32. Rd1 g5 33. g3
h5 34. b4 Kf8 35. Rh7 Rd6 36. Rd2 f4 37. Rxh5 f3 38. Rxg5 Rf6 39. Rd1 f2+ 40.
Kf1 Ne1 0-1

[Event "XXXV Memorial Edoardo Crespi A"]
[Site "Milano ITA"]
[Date "2014.12.07"]
[Round "5"]
[White "Barolo, Andrea"]
[Black "Quagliarella, Sabino Remo"]
[WhiteElo "1968"]
[BlackElo "1848"]
[Result "1-0"]
[PlyCount "21"]
[EventDate "2014.12.04"]

1. e4 c5 2. c3 Nc6 3. d4 cxd4 4. cxd4 e6 5. Nc3 Bb4 6. Nf3 d6 7. d5 exd5 8.
exd5 Qe7+ 9. Be3 Ne5 10. Qa4+ Bd7 11. Qxb4 1-0

[Event "XXXV Memorial Edoardo Crespi A"]
[Site "Milano ITA"]
[Date "2014.12.07"]
[Round "5"]
[White "Baronio, Gaia"]
[Black "Piantoni, Pierino"]
[WhiteElo "1792"]
[BlackElo "1889"]
[Result "1-0"]
[PlyCount "40"]
[EventDate "2014.12.04"]

1. e4 e6 2. d4 d5 3. Nd2 a6 4. Bd3 c5 5. c3 Nc6 6. Ne2 Qb6 7. Nf3 Nf6 8. e5 Nd7
9. O-O Be7 10. Bc2 f6 11. exf6 Nxf6 12. Re1 Bd7 13. Nf4 Nd8 14. a3 a5 15. Ne5
Nc6 16. Nxd7 Kxd7 17. Nxe6 g6 18. Qd3 Nd8 19. Qh3 Ra6 20. Nxc5+ Kc7 1-0

[Event "XXXV Memorial Edoardo Crespi A"]
[Site "Milano ITA"]
[Date "2014.12.07"]
[Round "5"]
[White "Beltrami, Francesco"]
[Black "Ricci, Leonardo"]
[WhiteElo "1849"]
[BlackElo "1814"]
[Result "1-0"]
[PlyCount "81"]
[EventDate "2014.12.04"]

1. Nf3 Nf6 2. g3 g6 3. Bg2 Bg7 4. O-O O-O 5. d4 d6 6. Nbd2 Nbd7 7. e4 e5 8.
dxe5 Nxe5 9. Nxe5 dxe5 10. Nf3 Nxe4 11. Qxd8 Rxd8 12. Nxe5 Bxe5 13. Bxe4 Rb8
14. c3 Be6 15. Bh6 b6 16. Rfe1 Bf6 17. Bf4 Rd7 18. Bc6 Re7 19. Rad1 g5 20. Be5
Bxe5 21. Rxe5 f6 22. Re3 b5 23. Rde1 Kf7 24. b3 Rb6 25. Bd5 Rd6 26. c4 h5 27.
f4 c6 28. Bg2 Re8 29. c5 Rdd8 30. Bxc6 Bd7 31. Rxe8 Rxe8 32. Rxe8 Bxe8 33.
Bxe8+ Kxe8 34. fxg5 fxg5 35. b4 Ke7 36. Kf2 Ke6 37. Kf3 Ke5 38. h3 Kf5 39. c6
Ke6 40. Ke4 h4 41. g4 1-0

[Event "XXXV Memorial Edoardo Crespi A"]
[Site "Milano ITA"]
[Date "2014.12.07"]
[Round "5"]
[White "Bisignano, Giuseppe"]
[Black "Blasco, Domenico"]
[WhiteElo "1850"]
[BlackElo "1902"]
[Result "1-0"]
[PlyCount "79"]
[EventDate "2014.12.04"]

1. e4 g6 2. d4 Bg7 3. Nc3 a6 4. Bc4 e6 5. f4 Ne7 6. d5 b5 7. Bb3 b4 8. Nce2
exd5 9. exd5 d6 10. Nf3 Nd7 11. a3 Nc5 12. Ned4 Nxb3 13. Nxb3 Bb7 14. axb4 Bxd5
15. Qd3 Bxb3 16. Qxb3 O-O 17. O-O Qb8 18. Be3 Nf5 19. Bf2 Qb7 20. Rfe1 Rab8 21.
c3 c5 22. Ra5 cxb4 23. c4 Rfe8 24. Rxe8+ Rxe8 25. Rd5 Re2 26. g4 Rxb2 27. Qd3
Ne7 28. Rxd6 Nc6 29. Qd5 Rb1+ 30. Kg2 Qe7 31. Qxc6 b3 32. Qc8+ Bf8 33. Rd8 b2
34. Re8 Qxe8 35. Qxe8 Rg1+ 36. Bxg1 b1=Q 37. Bc5 Qb2+ 38. Kg3 Qg7 39. Ne5 a5
40. Kf3 1-0

[Event "XXXV Memorial Edoardo Crespi A"]
[Site "Milano ITA"]
[Date "2014.12.07"]
[Round "5"]
[White "Calcagno, Stefano"]
[Black "Primerano, Carlo"]
[WhiteElo "1828"]
[BlackElo "1719"]
[Result "1/2-1/2"]
[PlyCount "75"]
[EventDate "2014.12.04"]

1. d4 Nf6 2. c4 e6 3. Nf3 b6 4. e3 Bb7 5. Nbd2 Bb4 6. a3 Bxd2+ 7. Bxd2 d6 8.
Be2 Nbd7 9. O-O O-O 10. b4 Ne4 11. Qc2 c5 12. Rfd1 Qc7 13. Be1 f5 14. Nd2 Rac8
15. Nb3 d5 16. bxc5 bxc5 17. f3 Nef6 18. dxc5 Nxc5 19. Nd4 a6 20. Rab1 Qf7 21.
Bg3 dxc4 22. Bxc4 Bd5 23. Bxd5 Nxd5 24. Qd2 f4 25. exf4 Nxf4 26. Bxf4 Qxf4 27.
Qxf4 Rxf4 28. g3 Rff8 29. Re1 Rfe8 30. f4 Kf7 31. Rb6 g6 32. Nc6 Kf6 33. Kg2 h5
34. Rc1 Nd7 35. Rxa6 Nb8 36. Rb6 Nxc6 37. Rbxc6 Rxc6 38. Rxc6 1/2-1/2

[Event "XXXV Memorial Edoardo Crespi A"]
[Site "Milano ITA"]
[Date "2014.12.07"]
[Round "5"]
[White "Cerioni, Armando"]
[Black "Dei Giudici, Paolo"]
[WhiteElo "1938"]
[BlackElo "1761"]
[Result "1-0"]
[PlyCount "103"]
[EventDate "2014.12.04"]

1. c4 c5 2. g3 Nc6 3. Bg2 g6 4. Nc3 Bg7 5. Nf3 Nf6 6. d4 d6 7. dxc5 dxc5 8.
Qxd8+ Kxd8 9. Bf4 Bf5 10. O-O Nd7 11. Rac1 h6 12. Rfd1 g5 13. Be3 Ke8 14. Na4
Rc8 15. Rd2 b6 16. Nc3 Be6 17. b3 f5 18. h4 gxh4 19. Nxh4 Nde5 20. Nd5 Ng4 21.
Bf4 Be5 22. Ng6 Rh7 23. Nxe5 Ngxe5 24. Rcd1 h5 25. Bxe5 Nxe5 26. Nf4 Rh6 27.
Bb7 Rc7 28. Nxe6 Rxe6 29. Rd8+ Kf7 30. Bd5 Ng4 31. Bxe6+ Kxe6 32. Kg2 Nf6 33.
f3 Rb7 34. Rc8 Kf7 35. Kh3 Ke6 36. Kh4 Kf7 37. a4 Kg7 38. Rcd8 Kf7 39. Re1 Kg6
40. e4 fxe4 41. fxe4 e5 42. Rd6 Kg7 43. Re6 Rd7 44. Rxe5 Rd3 45. Re7+ Kg6 46.
Rf1 Rd2 47. g4 hxg4 48. Re6 Rh2+ 49. Kg3 Rh3+ 50. Kg2 Rf3 51. Rxf3 gxf3+ 52.
Kxf3 1-0

[Event "XXXV Memorial Edoardo Crespi A"]
[Site "Milano ITA"]
[Date "2014.12.07"]
[Round "5"]
[White "Ciciotti, Augusto"]
[Black "Ventura, Salvatore"]
[WhiteElo "1880"]
[BlackElo "2049"]
[Result "0-1"]
[PlyCount "50"]
[EventDate "2014.12.04"]

1. d4 e6 2. Nf3 f5 3. g3 Nf6 4. Bg2 d5 5. O-O Bd6 6. c4 c6 7. Qc2 O-O 8. Nbd2
b6 9. Ne5 Bb7 10. Ndf3 Qe7 11. Bf4 Nbd7 12. Nd3 Bxf4 13. Nxf4 c5 14. Rfd1 Rac8
15. Qa4 dxc4 16. Qxa7 Rc7 17. Qa3 Ne4 18. dxc5 Rxc5 19. Qb4 Ba8 20. Rac1 g5 21.
Nxg5 Nxg5 22. Rxd7 Qxd7 23. Qxb6 Rb5 24. Qa6 Bxg2 25. Kxg2 Qb7+ 0-1

[Event "XXXV Memorial Edoardo Crespi A"]
[Site "Milano ITA"]
[Date "2014.12.07"]
[Round "5"]
[White "Cordi', Domenico"]
[Black "Ferrari, Claudio"]
[WhiteElo "2033"]
[BlackElo "1969"]
[Result "0-1"]
[PlyCount "77"]
[EventDate "2014.12.04"]

1. d4 d5 2. c4 e5 3. dxe5 d4 4. Nf3 Nc6 5. Bf4 Nge7 6. a3 Ng6 7. Bg3 h5 8. h3
h4 9. Bh2 Bf5 10. Nbd2 Qe7 11. Nb3 O-O-O 12. Qd2 Ngxe5 13. Nxe5 Nxe5 14. Bxe5
Qxe5 15. Qa5 Qxa5+ 16. Nxa5 Rh5 17. Nb3 Bc2 18. Nc1 Be7 19. Kd2 Bg6 20. Nd3 Rf5
21. Ke1 Bf6 22. Rg1 Re8 23. g4 hxg3 24. Rxg3 Bh4 25. Rg4 Bf6 26. Rd1 Bh5 27.
Rf4 Rg5 28. f3 Ra5 29. h4 Bg6 30. Bh3+ Kb8 31. Kf1 Rh8 32. Nf2 c5 33. Kg2 Ra4
34. Ng4 Rxc4 35. Nxf6 gxf6 36. Rd2 Ra4 37. Rxf6 Rxh4 38. Kg3 Rh8 39. Bf5 $138
0-1

[Event "XXXV Memorial Edoardo Crespi A"]
[Site "Milano ITA"]
[Date "2014.12.07"]
[Round "5"]
[White "De Vincentiis, Federico"]
[Black "Regorda, Vittorio"]
[WhiteElo "1842"]
[BlackElo "1780"]
[Result "0-1"]
[PlyCount "88"]
[EventDate "2014.12.04"]

1. d4 d5 2. c4 c6 3. Nf3 Nf6 4. Nc3 a6 5. cxd5 cxd5 6. e3 Bf5 7. Bd3 Bxd3 8.
Qxd3 e6 9. O-O Bd6 10. e4 dxe4 11. Nxe4 Be7 12. Ne5 Nxe4 13. Qxe4 Qd5 14. Qf4
O-O 15. Qg4 Nc6 16. Nxc6 Qxc6 17. Bd2 Qd5 18. Bc3 b5 19. a3 a5 20. Bd2 Rfc8 21.
Rac1 Bf6 22. Be3 Qb3 23. Qe2 Rc4 24. Qd2 a4 25. Rxc4 Qxc4 26. Rc1 Qd5 27. Rc5
Qd7 28. h3 Be7 29. Rc2 Rd8 30. Qc1 h6 31. Rc7 Qe8 32. Qc3 Rd5 33. Rc8 Bd8 34.
Ra8 Qd7 35. Bf4 Kh7 36. Qc2+ g6 37. Bd2 Bb6 38. Bc3 Bxd4 39. Bxd4 Rxd4 40. Qc3
e5 41. Rc8 Rd1+ 42. Kh2 Qf5 43. Qc2 Qf4+ 44. g3 Qf3 0-1

[Event "XXXV Memorial Edoardo Crespi A"]
[Site "Milano ITA"]
[Date "2014.12.07"]
[Round "5"]
[White "Donadi, Luca"]
[Black "Pecorario, Stefano"]
[WhiteElo "1785"]
[BlackElo "1877"]
[Result "1/2-1/2"]
[PlyCount "43"]
[EventDate "2014.12.04"]

1. e4 e5 2. Nf3 Nc6 3. Bc4 Bc5 4. c3 Nf6 5. d4 exd4 6. cxd4 Bb4+ 7. Nc3 Nxe4 8.
O-O Bxc3 9. d5 Ne5 10. bxc3 Nxc4 11. Qd4 Ncd6 12. Qxg7 Qf6 13. Qxf6 Nxf6 14.
Re1+ Nde4 15. Ng5 O-O 16. Nxe4 Nxe4 17. Rxe4 d6 18. Bh6 Rd8 19. Rae1 Bd7 20.
R1e3 Re8 21. Rg3+ Kh8 22. Bg7+ 1/2-1/2

[Event "XXXV Memorial Edoardo Crespi A"]
[Site "Milano ITA"]
[Date "2014.12.07"]
[Round "5"]
[White "Giaretta, Fulvio"]
[Black "Casartelli, Fabio"]
[WhiteElo "1815"]
[BlackElo "1847"]
[Result "0-1"]
[PlyCount "66"]
[EventDate "2014.12.04"]

1. e4 e5 2. Nf3 Nf6 3. Nxe5 d6 4. Nf3 Nxe4 5. d4 d5 6. c4 Bb4+ 7. Nbd2 Bg4 8.
Be2 Nc6 9. O-O Nxd2 10. Nxd2 Be6 11. cxd5 Bxd5 12. Nf3 O-O 13. Be3 Re8 14. Qd3
Be4 15. Qb5 Bd6 16. Rfd1 a6 17. Qh5 Bg6 18. Qh3 Nb4 19. Ne5 Nc2 20. Nxg6 Nxa1
21. Ne5 Nc2 22. Bd3 Nxe3 23. Qxh7+ Kf8 24. Qh8+ Ke7 25. Qxg7 Bxe5 26. dxe5 Nxd1
27. Qf6+ Kd7 28. Bf5+ Re6 29. Qxf7+ Kc8 30. Bxe6+ Kb8 31. Bd5 Ka7 32. f4 Ne3
33. Bb3 Qd2 0-1

[Event "XXXV Memorial Edoardo Crespi A"]
[Site "Milano ITA"]
[Date "2014.12.07"]
[Round "5"]
[White "Lavorgna, Filippo"]
[Black "Burani, Eugenio"]
[WhiteElo "1739"]
[BlackElo "1837"]
[Result "1-0"]
[PlyCount "105"]
[EventDate "2014.12.04"]

1. Nf3 Nf6 2. c4 c5 3. Nc3 Nc6 4. g3 g6 5. Bg2 Bg7 6. O-O O-O 7. d4 cxd4 8.
Nxd4 Nxd4 9. Qxd4 d6 10. e4 Ng4 11. Qd2 Bd7 12. h3 Ne5 13. b3 Qc8 14. Kh2 Bxh3
15. f4 Bxg2 16. Kxg2 Ng4 17. Bb2 Qc5 18. Nd1 Bxb2 19. Qxb2 Rac8 20. Qe2 h5 21.
Qd3 b5 22. cxb5 Qc2+ 23. Qxc2 Rxc2+ 24. Kg1 Rfc8 25. Re1 Rd2 26. Ne3 Nxe3 27.
Rxe3 Rcc2 28. a4 Kf8 29. a5 Rg2+ 30. Kf1 Rcf2+ 31. Ke1 Rg1+ 32. Kxf2 Rxa1 33.
b4 Rb1 34. Ra3 Rxb4 35. b6 a6 36. Rc3 Kg7 37. Rc7 Rb5 38. Rc8 Kf6 39. Ra8 Ke6
40. Rxa6 Kd7 41. Ra7+ Kc8 42. Ke3 Kb8 43. Kd4 Rb3 44. Rxe7 Ra3 45. Kd5 Rxa5+
46. Kxd6 Ra3 47. Rxf7 Rxg3 48. e5 Rd3+ 49. Kc6 Rc3+ 50. Kd5 Rd3+ 51. Ke4 Rd8
52. e6 Re8 53. Ke5 1-0

[Event "XXXV Memorial Edoardo Crespi A"]
[Site "Milano ITA"]
[Date "2014.12.07"]
[Round "5"]
[White "Lavorgna, Giovanni"]
[Black "Ziedins, Roberts"]
[WhiteElo "1961"]
[BlackElo "1770"]
[Result "0-1"]
[PlyCount "106"]
[EventDate "2014.12.04"]

1. Nf3 f5 2. c4 e6 3. g3 Nf6 4. Bg2 d6 5. O-O Be7 6. Nc3 O-O 7. d4 Qe8 8. Bf4
Qh5 9. Qc2 Nc6 10. e4 e5 11. d5 Nd8 12. Bg5 Nf7 13. Bxf6 Bxf6 14. exf5 Bxf5 15.
Ne4 Nh6 16. Rae1 Be7 17. Qd3 Rf7 18. Nfd2 Bh3 19. Qe2 Ng4 20. f3 Bxg2 21. Qxg2
Nh6 22. Nb3 Raf8 23. Re3 Ng4 24. Rc3 Bg5 25. Nxg5 Qxg5 26. Qd2 Qh5 27. Qe2 Nh6
28. c5 Qf5 29. cxd6 cxd6 30. Nd2 Qd7 31. g4 Qa4 32. Qc4 Rf4 33. Qxa4 Rxa4 34.
Rc7 Rb4 35. b3 Rd4 36. Ne4 Rxd5 37. Rxb7 Rd4 38. Ng5 Rd2 39. Ne6 Ra8 40. Rc1
Re8 41. Rcc7 Nf7 42. Rxf7 Rxe6 43. Rxg7+ Kh8 44. Rxh7+ Kg8 45. Rxa7 Rxa2 46.
Rxa2 Kxh7 47. b4 e4 48. f4 e3 49. Kf1 Re4 50. Rb2 Rxf4+ 51. Kg2 Rxg4+ 52. Kf3
e2 53. Kf2 Rg2+ 0-1

[Event "XXXV Memorial Edoardo Crespi A"]
[Site "Milano ITA"]
[Date "2014.12.07"]
[Round "5"]
[White "Marinc, Damir"]
[Black "Montaruli, Roberto"]
[WhiteElo "2049"]
[BlackElo "1835"]
[Result "1-0"]
[PlyCount "69"]
[EventDate "2014.12.04"]

1. e4 d5 2. exd5 Qxd5 3. Nc3 Qa5 4. d4 Bf5 5. Nf3 e6 6. Bc4 Nf6 7. Bd2 c6 8.
O-O Nbd7 9. Re1 Qc7 10. Ne5 Bd6 11. Qe2 O-O 12. Bg5 Nd5 13. g4 Bg6 14. h4 Bxe5
15. dxe5 h6 16. Bd2 Nc5 17. h5 Bh7 18. g5 Nxc3 19. bxc3 hxg5 20. Bxg5 Ne4 21.
Bf4 Qe7 22. Qg4 Bf5 23. Qg2 Qh4 24. Rxe4 Bxe4 25. Qxe4 Qg4+ 26. Kf1 Qxh5 27.
Bd3 Rfd8 28. Re1 g5 29. Qg2 Rd5 30. Bxg5 Kf8 31. Bf6 Qh6 32. Re3 Qh5 33. Qg7+
Ke8 34. Qg8+ Kd7 35. Qxa8 1-0